000 01212nam a22002535i 4500
001 54194
003 ES-MaACL
005 20250815063221.0
007 t|
008 960715m18661870fr a |||| |cfre d
040 _aCAM
_bspa
_cCAM
100 1 _aFiguier, Louis,
_d1819-1894
_950814
245 1 0 _aVies des savants illustres, depuis l'antiquité jusqu'au dix-neuvième siècle
_b: ... avec l'appréciation sommaire de leurs travaux /
_cpar Louis Figuier.
260 _aParis :
_bLibrairie Internationale,
_c1866-1870 (
_fImp. Poupart-Davyl & C.)
300 _a5 v. :
_bil. ;
_c23 cm.
505 8 _aContiene : 1 ;
_tSavants de l'antiquité - 2 ;
_tSavants du Moyen âge - 3 ;
_tSavants de la Renaissance - 4 ;
_tSavants du XVIIe siècle - 5 ;
_tSavants du XVIIIe siècle
530 _aParcialmente disponible en formato digital.
650 4 _aCientíficos-
_xBiografías.
_9164960
852 _aES-MaACL
_jF-8325-29
856 _uhttps://archive.org/details/b24873986
_zInternet Archive
_z(v. 1)
856 _uhttps://archive.org/details/b21995059
_zInternet Archive
_z(v. 3)
856 _uhttps://archive.org/details/viesdessavantsil00figu
_zInternet Archive
_z(v. 5)
999 _c54194
_d54194